00560 2200229 4500001002100000005001700021008004100038020001800079035002400097041000800121043000900129082000800138090001500146100001800161245003800179250001100217260003100228300003000259650001400289850001200303990001500315YOGYA-0209000006569820090227091831.0 ind  a979-526-090-1 0010-020900000065698 aInd aBPAD a510 a150bSuy P aSUYANTO, Agus aPsikologi umumcoleh Agus Suyanto aCet. 8 aJakartabBumi Aksarac1991 avii, 254 hlmbilusc21 cm aPsikologi aYOPDYOG a93P0039181